000 00435nam a2200181Ia 4500
001 15560
005 20260306170205.0
008 260306t2013||||xx |||||||||||||| ||und||
041 _aESP
082 _a546
_bG69
100 _aGonzález, Carlos J.
_eAUT
245 0 _aQuímica inorgánica:
_bguía de estudio
260 _c2013
300 _a277 páginas :
_c24 cm.
650 _aGEN
654 _aCCN
942 _cLIB
_dJUS
_fJUS
_2ddc
_n
999 _c15560
_d15560